Jalur FIKRAH / (Record no. 180470)

MARC details
000 -LEADER
fixed length control field 00763nam a22002417i 4500
005 - DATE AND TIME OF LATEST TRANSACTION
control field 20201209160652.0
008 - FIXED-LENGTH DATA ELEMENTS--GENERAL INFORMATION
fixed length control field 201209s2020 my ||||g |||| 00| 0 may d
020 ## - INTERNATIONAL STANDARD BOOK NUMBER
International Standard Book Number 9789670911380
Terms of availability RM26.90
Qualifying information paperback
040 ## - CATALOGING SOURCE
Original cataloging agency PPAK
Language of cataloging eng
Transcribing agency PPAK
Description conventions rda
082 04 - DEWEY DECIMAL CLASSIFICATION NUMBER
Edition number 23
Classification number 297.14
090 00 - LOCALLY ASSIGNED LC-TYPE CALL NUMBER (OCLC); LOCAL CALL NUMBER (RLIN)
Classification number (OCLC) (R) ; Classification number, CALL (RLIN) (NR) 297.14
Feature heading SID
Feature heading G
100 0# - MAIN ENTRY--PERSONAL NAME
Personal name Sidek Baba,
Titles and words associated with a name Dato', Prof., Dr.,
Dates associated with a name 1946-,
Relator term author.
245 10 - TITLE STATEMENT
Title Jalur FIKRAH /
Statement of responsibility, etc. SIDEK BABA
264 #1 - PRODUCTION, PUBLICATION, DISTRIBUTION, MANUFACTURE, AND COPYRIGHT NOTICE
Place of production, publication, distribution, manufacture Klang, Selangor :
Name of producer, publisher, distributor, manufacturer MZ Edu Publications,
Date of production, publication, distribution, manufacture, or copyright notice 2020
300 ## - PHYSICAL DESCRIPTION
Extent viii, 159 pages ;
Dimensions 22 cm
336 ## - CONTENT TYPE
Source rdacontent
Content type term text
337 ## - MEDIA TYPE
Source rdamedia
Media type term unmediated
338 ## - CARRIER TYPE
Source rdacarrier
Carrier type term volume
650 10 - SUBJECT ADDED ENTRY--TOPICAL TERM
Topical term or geographic name entry element Islamic law
General subdivision Interpretation and construction
Topical term or geographic name entry element Islamic law
Topical term or geographic name entry element Islam
General subdivision Customs and practices
942 ## - ADDED ENTRY ELEMENTS (KOHA)
Source of classification or shelving scheme Dewey Decimal Classification
Koha item type Book
Holdings
Withdrawn Not for loan Current library Shelving location Date acquired Full call number Barcode Date last seen Koha item type Total Checkouts Date last checked out
    Perpustakaan Alor Setar Pinjaman Dewasa 21/01/2021 297.14 SID A01668289 21/01/2021 Book    
    Perpustakaan Awam Sungai Petani Pinjaman Dewasa 21/01/2021 297.14 SID A01668290 13/05/2024 Book 1 30/04/2024
    Perpustakaan Baling Pinjaman Dewasa 21/01/2021 297.14 SID A01668292 14/10/2023 Book 1 23/09/2023
    Perpustakaan Bandar Baharu Pinjaman Dewasa 21/01/2021 297.14 SID A01668293 21/01/2021 Book    
    Perpustakaan Kuala Nerang Pinjaman Dewasa 21/01/2021 297.14 SID A01668297 21/01/2021 Book    
    Perpustakaan Kulim Pinjaman Dewasa 21/01/2021 297.14 SID A01668291 21/01/2021 Book    
    Perpustakaan Merbok Pinjaman Dewasa 21/01/2021 297.14 SID A01668294 21/01/2021 Book    
    Perpustakaan Pendang Pinjaman Dewasa 21/01/2021 297.14 SID A01668298 21/01/2021 Book    
    Perpustakaan Sik Pinjaman Dewasa 21/01/2021 297.14 SID A01668296 21/01/2021 Book    
    Perpustakaan Yan Pinjaman Dewasa 21/01/2021 297.14 SID A01668295 21/01/2021 Book    
    PD03, Kg. Pulau Pisang, Jitra Pinjaman Dewasa 21/01/2021 297.14 SID A01668300 21/01/2021 Book    
    T-PD26, Kg. Lubuk Batu, Jitra Pinjaman Dewasa 21/01/2021 297.14 SID A01668299 21/01/2021 Book